Podpora univerzitného prostredia pri rozvoji potenciálu zelených startupov na Slovensku
Koncepcia otvorenej inovácie a kľúčová úloha prenosu technológií z univerzít do podnikateľského prostredia. Prítomnosť dostatočne vysokej úrovne vedeckých a technologických kapacít na Slovensku, avšak univerzity nereagujú dostatočne na požiadavky trhu a nedosahujú konkurencieschopné výsledky. Identi...
Saved in:
| Main Author: | |
|---|---|
| Other Authors: | |
| Format: | Book Chapter |
| Language: | Slovak |
| Subjects: | |
| Tags: |
No Tags, Be the first to tag this record!
|
MARC
| LEADER | 00000naa$a2200000$$$4500 | ||
|---|---|---|---|
| 001 | 0272802 | ||
| 005 | 20240502074312.9 | ||
| 041 | 0 | |a slo | |
| 044 | |a SK | ||
| 245 | 1 | 0 | |a Podpora univerzitného prostredia pri rozvoji potenciálu zelených startupov na Slovensku |c Lenka Štofová, Petra Szaryszová |
| 520 | |a Koncepcia otvorenej inovácie a kľúčová úloha prenosu technológií z univerzít do podnikateľského prostredia. Prítomnosť dostatočne vysokej úrovne vedeckých a technologických kapacít na Slovensku, avšak univerzity nereagujú dostatočne na požiadavky trhu a nedosahujú konkurencieschopné výsledky. Identifikácia kľúčového faktora vplývajúceho na rozvoj zelených startupov pôsobiacich v ekosystéme pomocou štatistických metód s cieľom zvyšovania inovatívnosti univerzitného prostredia na Slovensku. Analýza pomocou aplikácie korelačného koeficientu a viacnásobnej lineárnej regresie. | ||
| 610 | 2 | 0 | |a start-up |
| 610 | 2 | 0 | |a inovácie environmentálne |
| 610 | 2 | 0 | |a prostredie podnikateľské |
| 610 | 2 | 0 | |a univerzity |
| 610 | 2 | 0 | |a transfer inovácií |
| 610 | 2 | 0 | |a transfer technológie |
| 610 | 2 | 0 | |a podpora vedy a výskumu |
| 610 | 2 | 0 | |a Slovensko |
| 610 | 2 | 0 | |a analýza regresná |
| 100 | 1 | |a Štofová, Lenka, 1989- | |
| 700 | 1 | |a Szaryszová, Petra, 1984- | |